| 000 | 00495nam a22001937a 4500 | ||
|---|---|---|---|
| 003 | OSt | ||
| 005 | 20170105103444.0 | ||
| 008 | 120514t xxu||||| |||| 00| 0 eng d | ||
| 020 | _a 0865779643 | ||
| 040 | _cASAB | ||
| 050 | _a616.079,BUR | ||
| 100 |
_aG R Burmester and A. .Pezzutto _9290 |
||
| 245 |
_aColor Atlas of Immunology _cG.R Burmester |
||
| 260 |
_aNew York _bThieme |
||
| 300 | _a322 | ||
| 440 |
_aColor Atlas of Immunology _9291 |
||
| 650 |
_aImmunology _9292 |
||
| 942 |
_2ddc _cBK |
||
| 999 |
_c16548 _d16548 |
||